000 00744nam a2200229 4500
003 CBULib
005 20250717141133.0
008 250717b |||||||| |||| 00| 0 eng d
040 _aCBULib
_bEnglish
_cCBULib
_erda
041 _aeng
050 _aCBU(02)1997/3
110 _91351
_aThe Copperbelt University(CBU)
245 _aReport on CUCSA zone VI games held in Harare Zimbabwe : 4th - 9th August 1997
_c/ by The Copperbelt University(CBU)
260 _aKitwe :
_bCopperbelt University,
_c[1997]
300 _a7 pages
336 _2rdacontent
_aText |
_btxt
337 _2rdamedia
_aUnmediated |
_bn
338 _2rdacarrier
_aVolume
_bnc
650 0 _94694
_aCOLLEGE SPORTS
650 0 _94695
_aCOLLEGE SPORTS--AFRICA
942 _2mc
_c030
999 _c86301
_d86301